Downton Abbey 'Simpsonized' Quiz Stats

Quiz Updated Jan 18, 2015

Challenge
Share
Tweet
Score 0/14 Timer 04:00
1 Play Today
% Correct
John Bates
91.1%
Lady Mary Crawley
89.1%
Anna Bates
87.3%
Lady Edith Crawley
85.7%
Violet Crawley, Dowager Countess of Grantham
83.9%
Thomas Barrow
83.4%
Cora Crawley, Countess of Grantham
83%
% Correct
Lady Sybil Crawley
80.7%
Matthew Crawley
80.3%
Daisy Mason
79.5%
Charles Carson
78%
Robert Crawley, Earl of Grantham
76.1%
Mrs Patmore
75%
Mrs Hughes
71.7%

You're not logged in!

Compare scores with friends on all Sporcle quizzes.
Join for Free
OR
Log In

You Might Also Like...

Show Comments

Extras

Top Quizzes Today


Score Distribution

Your Account Isn't Verified!

In order to create a playlist on Sporcle, you need to verify the email address you used during registration. Go to your Sporcle Settings to finish the process.

Report this User

Report this user for behavior that violates our Community Guidelines.

Details: